[Event "Genova Nervi op 12th"]
[Site "Genova"]
[Date "2005.02.12"]
[Round "4"]
[White "Mangili, Davide"]
[Black "Gromovs, Sergejs"]
[Result "0-1"]
[WhiteElo "1880"]
[BlackElo "2335"]
[PlyCount "45"]
[EventDate "2005.02.05"]
[EventType "swiss"]
[EventRounds "6"]
[EventCountry "ITA"]
[SourceTitle "EXT 2007"]
[Source "ChessBase"]
[SourceDate "2006.11.23"]
[SourceVersion "1"]
[SourceVersionDate "2006.11.23"]
[SourceQuality "1"]

1. d4 Nf6 2. Nf3 e6 3. c4 c5 4. e3 d5 5. Nc3 Nc6 6. b3 cxd4 7. exd4 Bb4 8. Bd2 dxc4 9. Bxc4 Nxd4 10. Nxd4 Qxd4 11. Rc1 0-0 12. Nb5 Bxd2+ 13. Qxd2 Qxd2+ 14. Kxd2 Bd7 15. f3 a6 16. Nc3 Rfd8 17. Ke3 Bc6 18. Rhd1 Kf8 19. a4 Ke7 20. a5 Rxd1 21. Rxd1 Rc8 22. Ne2 Bd5 23. Kd4 0-1